Celostní management pilíře, kompetence v řízení
Uložené v:
| Hlavný autor: | |
|---|---|
| Médium: | Kniha |
| Jazyk: | Czech |
| Vydavateľské údaje: |
Bratislava
Sprint vfra
2003
|
| Vydanie: | 2. přeprac. a dopln. vyd. |
| Predmet: | |
| Tagy: |
Žiadne tagy, Buďte prvý, kto otaguje tento záznam!
|
MARC
| LEADER | 00000nam a2200000 4500 | ||
|---|---|---|---|
| 001 | c140523 | ||
| 005 | 20221108124830.2 | ||
| 020 | |a 80-89085-05-9 | ||
| 041 | 0 | |a cze | |
| 044 | |a SK | ||
| 245 | 1 | 0 | |a Celostní management |b pilíře, kompetence v řízení |c Ján Porvazník |
| 250 | |a 2. přeprac. a dopln. vyd. | ||
| 264 | 1 | |a Bratislava |b Sprint vfra |c 2003 | |
| 300 | |a 509 s. | ||
| 610 | 2 | 0 | |a manažment |
| 610 | 2 | 0 | |a riadenie |
| 610 | 2 | 0 | |a vývoj |
| 610 | 2 | 0 | |a modely |
| 610 | 2 | 0 | |a podnikanie |
| 610 | 2 | 0 | |a organizácie |
| 610 | 2 | 0 | |a podnik |
| 610 | 2 | 0 | |a metódy riadenia |
| 610 | 2 | 0 | |a informácie |
| 610 | 2 | 0 | |a zdroje informácií |
| 610 | 2 | 0 | |a manažéri |
| 610 | 2 | 0 | |a pracovníci riadiaci |
| 610 | 2 | 0 | |a komunikácia manažérska |
| 610 | 2 | 0 | |a skupiny pracovné |
| 610 | 2 | 0 | |a osobnosť |
| 610 | 2 | 0 | |a vzdelávanie |
| 100 | 1 | |a Porvazník, Ján | |